Introduction to positive economics (Record no. 5640)

000 -LEADER
fixed length control field 00453nam a22001817a 4500
001 - CONTROL NUMBER
control field 5640
003 - CONTROL NUMBER IDENTIFIER
control field BD-DhUET
008 - FIXED-LENGTH DATA ELEMENTS--GENERAL INFORMATION
fixed length control field 141127b xxu||||| |||| 00| 0 eng d
040 ## - CATALOGING SOURCE
Transcribing agency 0
Modifying agency BD-DhUET
082 ## - DEWEY DECIMAL CLASSIFICATION NUMBER
Classification number 330
Item number LIP/1971
100 ## - MAIN ENTRY--PERSONAL NAME
Personal name Lipsey, Richard G.
245 ## - TITLE STATEMENT
Title Introduction to positive economics
250 ## - EDITION STATEMENT
Edition statement 3rd ed.
260 ## - PUBLICATION, DISTRIBUTION, ETC. (IMPRINT)
Name of publisher, distributor, etc. English Language Book
Place of publication, distribution, etc. Hampshire
Date of publication, distribution, etc. 1971
300 ## - PHYSICAL DESCRIPTION
Extent xx, 740 p.
Other physical details ill.
Dimensions 26 cm.
650 #0 - SUBJECT ADDED ENTRY--TOPICAL TERM
Topical term or geographic name as entry element Economics
942 ## - ADDED ENTRY ELEMENTS (KOHA)
Koha item type General Book
Holdings
Date acquired Damaged status Withdrawn status Piece designation (barcode) Lost status Sublocation or collection (holding branch) Source of classification or shelving scheme Koha item type Not for loan Koha collection Copy number Koha date last seen Koha normalized classification for sorting Location (home branch) Koha full call number Shelving location Price effective from
2014-11-27  23693 Central Library, BUET General Book  12014-11-27330LIP1971Central Library, BUET330/LIP/1971Circulation section2014-11-27
2014-11-27  23702 Central Library, BUET General Book  22014-11-27330LIP1971Central Library, BUET330/LIP/1971Circulation section2014-11-27
2015-01-27  23689 Central Library, BUET General Book  32015-01-27330_000000000000000_LIP_1971Central Library, BUET330/LIP/1971Circulation section2015-01-27
2015-01-27  23684 Central Library, BUET General Book  42015-01-27330_000000000000000_LIP_1971Central Library, BUET330/LIP/1971Circulation section2015-01-27
2015-01-27  23710 Central Library, BUET General Book  52015-01-27330_000000000000000_LIP_1971Central Library, BUET330/LIP/1971Circulation section2015-01-27
2015-01-27  23713 Central Library, BUET General Book  62015-01-27330_000000000000000_LIP_1971Central Library, BUET330/LIP/1971Circulation section2015-01-27
2015-01-27  23690 Central Library, BUET General Book  72015-01-27330_000000000000000_LIP_1971Central Library, BUET330/LIP/1971Cataloging section2015-01-27
2015-01-27  23698 Central Library, BUET General Book  82015-01-27330_000000000000000_LIP_1971Central Library, BUET330/LIP/1971Circulation section2015-01-27
2015-01-27  23685 Central Library, BUET General Book  92015-01-27330_000000000000000_LIP_1971Central Library, BUET330/LIP/1971Circulation section2015-01-27
2015-01-27  23712 Central Library, BUET General Book  102015-01-27330_000000000000000_LIP_1971Central Library, BUET330/LIP/1971Circulation section2015-01-27
2015-01-28  23677 Central Library, BUET General Book Non Fiction42015-01-28330_000000000000000_LIP_1971Central Library, BUET330/LIP/1971Circulation section2015-01-28
2015-01-28  23706 Central Library, BUET General Book Non Fiction302015-01-28330_000000000000000_LIP_1971Central Library, BUET330/LIP/1971Circulation section2015-01-28
2015-01-28  23705 Central Library, BUET General Book Non Fiction292015-01-28330_000000000000000_LIP_1971Central Library, BUET330/LIP/1971Circulation section2015-01-28
2015-01-28  23680 Central Library, BUET General Book Non Fiction162015-01-28330_000000000000000_LIP_1971Central Library, BUET330/LIP/1971Circulation section2015-01-28
2015-04-20  23691 Central Library, BUET General Book  152015-04-20330_000000000000000_LIP_1971Central Library, BUET330/LIP/1971Circulation section2015-04-20